Bande Organisée - Couplet 4 : Naps - Statistiques

Statistiques générales
  • Ce quiz a été pris 118 fois
  • Le résultat moyen est 34 sur 62
Statistiques - réponses
% Correct
24
96%
du
96%
C'est
95%
carats,
84%
depuis
80%
l'époque
80%
de
78%
j'rappe
77%
La
77%
technique,
77%
de
76%
flow
76%
le
76%
malade,
76%
artistiquement,
72%
balade
70%
on
70%
se
70%
K-Ra
65%
T-Max,
64%
à
61%
recherché
61%
c'est
58%
J,
58%
Le
58%
le
58%
mascara
58%
S,
58%
son
58%
une
58%
couler
57%
j'fais
57%
frappe
55%
imparable,
55%
kech-Marra
55%
liasse
54%
Une
54%
épaisse,
53%
envoie
49%
RS
49%
le
47%
J'lui
43%
Araï,
42%
le
42%
c'est
41%
J,
41%
Le,
41%
S,
41%
N.A.P.S
39%
liasse
34%
Une
34%
épaisse,
32%
le
32%
N.A.P.S
32%
RS
32%
j'sors
31%
j'sors
24%
Arlabelek,
23%
Arlabelek,
20%
hum,
8%
hum,
5%
caque
3%
Aucun quiz correspondant
Distribution des résultats
% des personnes avec chaque résultat
Percentile par nombre de réponses
Votre historique - résultats
Vous n’avez pas pris ce quiz